000
00334nam a2200145Ia 4500
008
090124s9999 xx 000 0 und d
082
_b
35782
245
_a
राखण
250
_a
1
260
_b
कुंभार म.रा.
_c
2008
300
_a
216
630
_a
राखण
730
_a
राखण
942
_c
BOOK
999
_c
200928
_d
200928